000 00359nam a2200145Ia 4500
008 230917s9999||||xx |||||||||||||| ||und||
040 _e202474
_aMAIN
041 _aEnglish
082 _a320.50954 M687R
100 _aMishra, Anil Dutta
245 0 _aReading Gandhi
260 _aNew Delhi
_bPearson Education
_c2012
300 _avii, 324 p.
942 _cBK
999 _c173315
_d173315